Digital Transformation Strategies: (Record no. 189488)

MARC details
000 -LEADER
fixed length control field 00707nam a22002057a 4500
005 - DATE AND TIME OF LATEST TRANSACTION
control field 20220701161413.0
010 ## - LCCN (DPL NO)
LC control number ENG-133421
020 ## - INTERNATIONAL STANDARD BOOK NUMBER
International Standard Book Number 9789391370336
Terms of availability 595.00
035 ## - SYSTEM CONTROL NUMBER
System control number EN-116753
037 ## - SOURCE OF ACQUISITION
Source of stock number/acquisition DBAD/PUB
082 ## - DEWEY DECIMAL CLASSIFICATION NUMBER
Classification number 658.4063
100 ## - MAIN ENTRY--PERSONAL NAME
Personal name Pingali, Srinivas R.
245 ## - TITLE STATEMENT
Title Digital Transformation Strategies:
Remainder of title Theory and Practice/
Statement of responsibility, etc Srinivas R. Pingali, Shankar Prakash and Jyothi R. Korem
260 ## - PUBLICATION, DISTRIBUTION, ETC. (IMPRINT)
Place of publication, distribution, etc New Delhi
Name of publisher, distributor, etc Sage Publications India Pvt. Ltd
Date of publication, distribution, etc 2021
270 ## - ADDRESS
Address B1/I-I Mohan Cooperative Industrial Area Mathura Road
City New Delhi
Postal code 110044
300 ## - PHYSICAL DESCRIPTION
Extent vp.
Dimensions 23cm(pbk)
700 ## - ADDED ENTRY--PERSONAL NAME
Personal name Prakash, Shankar
700 ## - ADDED ENTRY--PERSONAL NAME
Personal name Korem, Jyothi R.
942 ## - ADDED ENTRY ELEMENTS (KOHA)
Source of classification or shelving scheme Dewey Decimal Classification
Item type English Books
Classification part 658.4063
Call number suffix PIN
Holdings
Withdrawn status Lost status Not for loan Collection code Home library Current library Date acquired Source of acquisition Cost, normal purchase price Full call number Barcode Copy number Cost, replacement price Koha item type
      Non-fiction Ashok Vihar Ashok Vihar 01/07/2022 DBAD/PUB 595.00 658.4063 PIN EN-116953 1 595.00 English Books

© Delhi Public Library
Hit Counter
free hit counter